Countrywide invests in conveyancing (Record no. 65758)
[ view plain ]
| 000 -LEADER | |
|---|---|
| fixed length control field | 00969cam a2200229 4500 |
| 001 - CONTROL NUMBER | |
| control field | WB3702-20 |
| 008 - FIXED-LENGTH DATA ELEMENTS--GENERAL INFORMATION | |
| fixed length control field | 000000n2001 000 0 eng u |
| 035 ## - SYSTEM CONTROL NUMBER | |
| System control number | (Sirsi) u110268 |
| 245 ## - TITLE STATEMENT | |
| Title | Countrywide invests in conveyancing |
| 260 ## - PUBLICATION, DISTRIBUTION, ETC. | |
| Date of publication, distribution, etc. | 2001 |
| 490 ## - SERIES STATEMENT | |
| Series statement | Estates Gazette |
| Volume/sequential designation | (0101) 6 January 2001, 16(1) |
| 520 ## - SUMMARY, ETC. | |
| Summary, etc. | Countrywide Property Lawyers plan to invest £3.25m over the next three years in a bid to take over 10% of the conveyancing market. The firm has employed IT consultancy Cap Gemini to introduce new technology to increase its number of conveyancing transactions, and is likely to present serious competition to other law firms. |
| 590 ## - LOCAL NOTE (RLIN) | |
| Local note | WB |
| 650 ## - SUBJECT ADDED ENTRY--TOPICAL TERM | |
| Topical term or geographic name entry element | LAW FIRMS |
| 650 ## - SUBJECT ADDED ENTRY--TOPICAL TERM | |
| Topical term or geographic name entry element | CONVEYANCING MARKET |
| 650 ## - SUBJECT ADDED ENTRY--TOPICAL TERM | |
| Topical term or geographic name entry element | CONVEYANCING |
| 650 ## - SUBJECT ADDED ENTRY--TOPICAL TERM | |
| Topical term or geographic name entry element | COUNTRYWIDE |
| 650 ## - SUBJECT ADDED ENTRY--TOPICAL TERM | |
| Topical term or geographic name entry element | MANAGEMENT-BUSINESS MANAGEMENT-INFORMATION MANAGEMENT |
| 650 ## - SUBJECT ADDED ENTRY--TOPICAL TERM | |
| Topical term or geographic name entry element | PROPERTY SERVICES |
| 690 ## - LOCAL SUBJECT ADDED ENTRY--TOPICAL TERM (OCLC, RLIN) | |
| Topical term or geographic name as entry element | MANAGEMENT-BUSINESS MANAGEMENT-PROFESSIONAL PRACTICE |
| 942 ## - ADDED ENTRY ELEMENTS (KOHA) | |
| Suppress in OPAC | 0 |
| Withdrawn status | Lost status | Source of classification or shelving scheme | Damaged status | Not for loan | Home library | Current library | Shelving location | Date acquired | Total Checkouts | Full call number | Barcode | Date last seen | Copy number | Price effective from | Koha item type |
|---|---|---|---|---|---|---|---|---|---|---|---|---|---|---|---|
| Dewey Decimal Classification | London | London | News article | 09/01/2001 | WB3702-20 | 110268-1001 | 06/08/2019 | 1 | 06/08/2019 | News article |